000 00490nam a2200133Ia 4500
003 GCL
008 140319s9999 xx 000 0 ara d
040 _aGCL /
_cGCL
082 0 4 _a658.3
_bع ا
100 1 _aعبدالرحمن توفيق
245 1 0 _aاستراتيجيات الاستثمار البشرى بالمؤسسات العربية (المؤتمر السنوى الثانى للتدريب) /
_cعبدالرحمن توفيق
300 _a335 ص
490 _aاصدارات بميك
_v0
999 _c48277
_d48277